000 00670nam a22002177a 4500
005 20161014020001.0
008 950215r2010 sp a r 00110 spa d
020 _a8436808401
041 0 _aspa
082 0 4 _a686.22
_bM385m
100 1 _aMartínez de Sousa, José,
_d1933-
_91143
245 1 0 _aManual de edición y autoedición /
_cJosé Martínez de Sousa.
250 _a2nd.
260 _aMadrid
_bEdiciones Pirámide,
_c1994.
300 _a346 p. :
_bil. ;
_c25 cm.
504 _aIncluye bibliografía e índice.
650 _aDiseño de libros.
_91144
650 _aIndustria del libro.
_91145
650 6 _aArtes gráficas.
_91146
942 _2ddc
_cImpreso
_04
999 _c7496
_d7496